Oeuvres de J. B. Poquelin de Molière. Tome premier [-huitième]. (Record no. 159883)

MARC details
000 -LEADER
campo de control de longitud fija 01909nam a2200241 i 4500
001 - NÚMERO DE CONTROL
campo de control 159883
003 - IDENTIFICADOR DE NÚMERO DE CONTROL
campo de control ES-MaACL
005 - FECHA Y HORA DE LA ÚLTIMA TRANSACCIÓN
campo de control 20250918063040.0
008 - DATOS DE LONGITUD FIJA--INFORMACIÓN GENERAL
campo de control de longitud fija 931025s1799 fr |||| | fre d
040 ## - FUENTE DE CATALOGACIÓN
Centro catalogador/agencia de origen CAM
Lengua de catalogación spa
Centro/agencia transcriptor PAB
100 1# - ENTRADA PRINCIPAL--NOMBRE DE PERSONA
Nombre de persona Molière,
Fechas asociadas al nombre 1622-1673
9 (RLIN) 81873
245 10 - MENCIÓN DEL TÍTULO
Título Oeuvres de J. B. Poquelin de Molière. Tome premier [-huitième].
250 ## - MENCION DE EDICION
Mención de edición Edition Stéréotype.
260 ## - PUBLICACIÓN, DISTRIBUCIÓN, ETC.
Lugar de publicación, distribución, etc. A Paris :
Nombre del editor, distribuidor, etc. De l'Imprimerie de P. Didot l'Ainé, au palais national des Sciences et Arts,
Fecha de publicación, distribución, etc. An VII [1799]
300 ## - DESCRIPCIÓN FÍSICA
Extensión 8 vol. (274-[1], 276, 287-[1], 261-[3] ; 274-[1], 264, 302-[1], 269-[1] p.) ;
Dimensiones 8º.
505 8# - NOTA DE CONTENIDO CON FORMATO
Nota de contenido con formato Contiene: Tome premier, Vie de Molière par Voltaire ; L'Etourdi ; Le Dépit amoureux ; Les Précieuses ridicules ; Sganarelle. -- Tome deuxième, Don Garcie de Navarre, ou Le Prince jaloux ; L'Ecole des Maris ; Les Facheux ; L'Ecole des femmes. -- Tome troisième, La Critique de l'Ecole des femmes ; L'In-promptu de Versailles ; La Princesse d'Elide ; Le Mariage forcé ; Don Juan ou Le Festin de Pierre. -- Tome quatrième, L'Amour medecin ; Le Misanthrope ; Le Medecin malgré lui ; Mélicerte ; Pastorale comique ; Le Sicilien ou L'Amour peintre. -- Tome cinquième, Le Tartuffe ; Amphitryon ; Georges Dandin, ou Le Mari confondu. - Tome sixième, L'Avare ; Monsieur de Pourceaugnac ; Les Amants magnifiques. -- Tome septième, Le Bourgeois gentilhomme ; Les Fourberies de Scapin ; Psyché. -- Tome huitième, Les Femmes savantes ; La Comtesse d'Escarbagnas ; Le Malade imaginaire ; La Gloire du Val-de-Grace
505 8# - NOTA DE CONTENIDO CON FORMATO
Nota de contenido con formato Comprende en el tº 1º "Vie de Molière par Voltaire" (p. [5]-16).
597 ## - NOTA DE DESCRIPCIÓN FÍSICA
NOTA DE DESCRIPCIÓN FÍSICA Antep.
597 ## - NOTA DE DESCRIPCIÓN FÍSICA
NOTA DE DESCRIPCIÓN FÍSICA Las signaturas repiten el número del cuaderno, con 2 y con 4 hojas.
700 0# - ENTRADA AGREGADA--NOMBRE PERSONAL
Nombre de persona Voltaire,
Fechas asociadas al nombre 1694-1778
9 (RLIN) 115721
852 ## - LOCALIZACIÓN
Ubicación ES-MaACL
Número de control de estantería R-625-32
Nota libre -- Enc. pasta española, con hierros dorados
Encuadernación Olim: D-3993-4000
Holdings
Estatus retirado Estado de pérdida Estado de daño No para préstamo Colección Biblioteca de origen Biblioteca actual Ubicación en estantería Fecha de adquisición Total de préstamos Signatura topográfica completa Código de barras Visto por última vez Precio de reemplazo Tipo de ítem Koha
        Libros del s. XVIII Biblioteca del Ateneo de Madrid Biblioteca del Ateneo de Madrid Depósito 17/01/2008   R-625-32 1167374 23/02/2023 23/02/2023 Libro impreso antiguo